000 01160nabaa22002297a 4500
999 _c6288
_d6288
003 OSt
005 20260129003028.0
008 190701b xxu||||| |||| 00| 0 spa d
040 _cPJ
100 _96980
_aKrikorian, Marcelo
245 1 3 _aEl acceso a la educación universitaria de las personas con discapacidad :
_bobligaciones estatales correlativas. Valiosos aportes del Comité sobre los Derechos de las Personas con Discapacidad de la ONU /
_cMarcelo Krikorian
300 _ap. 80-95
500 _aCita: TR LALEY AR/DOC/435/2025
505 _a Sumario: I. Presentación del tema.— II. Derecho a la educación en la convención y en Observaciones Generales del comité.— III. El caso "García Vara v. México".— IV. Reflexiones finales.
505 _t¿Te interesa el texto completo? Comunicate al correo: koha@justierradelfuego.gov.ar
650 0 _9211
_aDERECHO ADMINISTRATIVO
650 0 _93271
_aPERSONAS CON DISCAPACIDAD
650 0 _94592
_aEDUCACION
650 0 _94789
_aUNIVERSIDADES
773 0 _02842
_93251
_dBuenos Aires : AbeledoPerrot, 2012-
_oDA121
_tDerecho administrativo. Nº 158 marzo/abril 2025
_z18510590
942 _2udc
_cANA